[Event "BRA-ch playoff"]
[Site "Rio de Janeiro"]
[Date "1997.??.??"]
[Round "4"]
[White "Lima, Darcy"]
[Black "Vescovi, Giovanni"]
[Result "1/2-1/2"]
[WhiteElo "2420"]
[BlackElo "2490"]

1.d4 Nf6 2.c4 g6 3.Nc3 Bg7 4.e4 d6 5.Be2 O-O 6.Nf3 e5 7.O-O Nc6 8.d5 Ne7
9.Bd2 Nh5 10.Rc1 h6 11.Re1 Nf4 12.Bf1 g5 13.h4 g4 14.Nh2 f5 15.exf5 Nxf5
16.g3 Nh3+ 17.Bxh3 gxh3 18.Qh5 Bd7 19.Ne4 c6 20.Be3 Rc8 21.Qd1 cxd5 22.Qxd5+ Kh7
23.Qd3 Kh8 24.Nxd6 Be6 25.c5 Rc7 26.Rcd1 Rd7 27.Rd2 Qc7 28.Qe4 Nxd6 29.cxd6 Rxd6
30.Bxh6 Rxd2 31.Bxd2 Qb6 32.Qe3 Qxb2 33.Bc3 Qxa2 34.Bxe5 Bxe5 35.Qxe5+ Kh7
36.Qh5+ Kg7 37.Qg5+ Kh7 38.Qh5+ Kg7  1/2-1/2

[Event "Rome op1"]
[Site "Rome"]
[Date "1997.??.??"]
[Round "5"]
[White "Monteleone, Antonio"]
[Black "Vallifuoco, Giovanni"]
[Result "0-1"]
[WhiteElo "2195"]
[BlackElo "2255"]

1.d4 Nf6 2.c4 g6 3.Nc3 Bg7 4.e4 d6 5.Nf3 O-O 6.Be2 e5 7.O-O Nc6 8.d5 Ne7
9.Nd2 a5 10.a3 c5 11.Rb1 Ne8 12.Qc2 f5 13.b4 axb4 14.axb4 cxb4 15.Rxb4 Nc7
16.f3 Bh6 17.Rb1 Be3+ 18.Kh1 Na6 19.Nb3 Bxc1 20.Rfxc1 fxe4 21.fxe4 Bd7 22.c5 Nc8
23.Bxa6 Rxa6 24.Qd3 Ra3 25.Nd2 Ra5 26.cxd6 Nxd6 27.Nc4 Nxc4 28.Qxc4 Qg5 29.Rf1 Rc8
30.Qb4 Rac5 31.Qxb7 R5c7 32.Qb4 Rxc3 33.Qd6 Rc2 34.Rg1 Be8 35.Rbf1 Bf7 36.h3 Rc1
37.Qd7 R8c7 38.Qd6 Rxf1 39.Rxf1 Rc1 40.Qb8+ Kg7 41.Qb5 Rxf1+ 42.Qxf1 Qf4
43.Qe1 Be8 44.Qb4 Qf6 45.Qb7+ Bf7 46.Qb4 Qa6 47.Qc3  0-1

[Event "WchT U26"]
[Site "Roque Saenz Pena"]
[Date "1997.??.??"]
[Round "5"]
[White "Riline Orso, Alejandro"]
[Black "Capucci, Marcos"]
[Result "1/2-1/2"]
[WhiteElo "2250"]
[BlackElo "2110"]

1.d4 Nf6 2.c4 g6 3.Nc3 Bg7 4.e4 O-O 5.Nf3 d6 6.Be2 e5 7.O-O Nc6 8.d5 Ne7
9.b4 a5 10.Ba3 axb4 11.Bxb4 Nh5 12.c5 f5 13.cxd6 cxd6 14.Nd2 Nf4 15.Bb5 fxe4
16.Ndxe4 Nf5 17.g3 Nh3+ 18.Kh1 Nd4 19.Be2 h5 20.Kg2 Nf5 21.Rb1 Bh6 22.Kh1 Nd4
23.a3 Nxe2 24.Qxe2 Ng5 25.Nxg5 Bxg5 26.Ne4 Bh3 27.Bxd6 Bxf1 28.Qxf1 Be7 29.Bxe7 Qxe7
30.Qd3 Qxa3 31.Qxa3 Rxa3 32.Rxb7 Rd3 33.Rb6 Kg7 34.d6 Rd4  1/2-1/2

[Event "WchT U26"]
[Site "Roque Saenz Pena"]
[Date "1997.??.??"]
[Round "5"]
[White "Dominguez, Mauricio"]
[Black "Prates, Fabiano"]
[Result "0-1"]
[WhiteElo "2145"]
[BlackElo "2235"]

1.d4 Nf6 2.Nf3 g6 3.c4 Bg7 4.Nc3 d6 5.e4 O-O 6.Be2 e5 7.O-O Nc6 8.d5 Ne7
9.Nd2 a5 10.Rb1 Bd7 11.b4 axb4 12.Rxb4 b6 13.a4 Ne8 14.Qc2 f5 15.Nb5 Nf6
16.f3 f4 17.Bb2 h5 18.Ra1 g5 19.a5 bxa5 20.Rba4 Ne8 21.c5 c6 22.dxc6 Bxc6
23.Nb3 Qb8 24.Nxa5 Bxb5 25.Qb3+ d5 26.Bxb5 Nc7 27.Nc6 Nxc6 28.Rxa8 Nxa8 29.Qxd5+ Kh7
30.Qxc6 Nc7 31.Ra5 Rd8 32.h3 g4 33.Qb6 Nxb5 34.Rxb5 Qc8 35.hxg4 hxg4 36.Qb7 Rd1+
37.Kf2 g3+ 38.Ke2 Qd8 39.Qxg7+ Kxg7 40.Bxe5+ Kf7 41.Rb7+ Kg6 42.Rb6+ Kh5
43.Bd6 Rg1 44.Kd2 Rxg2+ 45.Kc1 Qa8 46.Bxf4 Qa1+ 47.Rb1 Qc3+  0-1

[Event "WchT U26"]
[Site "Roque Saenz Pena"]
[Date "1997.??.??"]
[Round "6"]
[White "Shariyazdanov, Andrey"]
[Black "Mariano, Nelson"]
[Result "1/2-1/2"]
[WhiteElo "2465"]
[BlackElo "2490"]

1.d4 Nf6 2.c4 g6 3.Nc3 Bg7 4.e4 d6 5.Be2 O-O 6.Nf3 e5 7.O-O Nc6 8.d5 Ne7
9.b4 Kh8 10.c5 Neg8 11.a4 Nh5 12.g3 f5 13.exf5 Bxf5 14.Be3 Nh6 15.Qd2 Nf7
16.Ng5 Nxg5 17.Bxg5 Nf6 18.Rac1 Qd7 19.cxd6 cxd6 20.f3 Bh3 21.Rfd1 Rac8 22.a5 a6
23.Re1 Kg8 24.Ne4 Bf5 25.Rxc8 Rxc8 26.Rc1 Bxe4  1/2-1/2

[Event "WchT U26"]
[Site "Roque Saenz Pena"]
[Date "1997.??.??"]
[Round "7"]
[White "Tratar, Marko"]
[Black "Mariano, Nelson"]
[Result "1-0"]
[WhiteElo "2395"]
[BlackElo "2490"]

1.Nf3 Nf6 2.c4 g6 3.Nc3 Bg7 4.e4 d6 5.d4 O-O 6.Be2 e5 7.O-O Nc6 8.d5 Ne7
9.Nd2 a5 10.a3 Nd7 11.Rb1 f5 12.b4 Kh8 13.f3 Ng8 14.Qc2 Ndf6 15.c5 axb4 16.axb4 f4
17.Nc4 Ne8 18.Ba3 Rf7 19.b5 b6 20.cxb6 cxb6 21.Na4 Rb7 22.Bb4 h5 23.Ra1 Rab8
24.Bd3 Ngf6 25.Rfc1 g5 26.Qf2 g4 27.Kh1 g3 28.Qg1 Bh6 29.Ncxb6 Ng4 30.Rxc8 Rxc8
31.fxg4 Nf6 32.Nxc8 Nxg4 33.Nxd6 Qh4 34.Be1 Nxh2 35.Nf5 Qg5 36.Nc5 Rf7 37.Ne6 Qg6
38.Ra8+ Kh7 39.Ra7 h4 40.Nd8  1-0

[Event "Schwaebisch Gmuend op"]
[Site "Schwaebisch Gmuend"]
[Date "1997.??.??"]
[Round "6"]
[White "Schnabel, Andreas"]
[Black "Mussler, Thomas"]
[Result "0-1"]
[WhiteElo "2010"]
[BlackElo "2175"]

1.d4 Nf6 2.c4 g6 3.Nc3 Bg7 4.e4 d6 5.Nf3 O-O 6.Be2 e5 7.O-O Nc6 8.d5 Ne7
9.b4 a5 10.bxa5 Rxa5 11.Nd2 c5 12.Nb3 Ra6 13.a4 Ne8 14.Be3 f5 15.f3 Nf6 16.a5 Kh8
17.Qc2 Neg8 18.Nb5 Bh6 19.Bf2 Nh5 20.Nxd6 Rxd6 21.Bxc5 Qh4 22.Bxd6 Be3+ 23.Rf2 Qxf2+
24.Kh1 Ng3+ 25.hxg3 Qxg3 26.Bxe5+ Qxe5 27.g3 Nf6 28.f4 Qxe4+ 29.Qxe4  0-1

[Event "Seefeld op"]
[Site "Seefeld"]
[Date "1997.??.??"]
[Round "?"]
[White "Dautov, Rustem"]
[Black "Hoellrigl, Wilfried"]
[Result "1/2-1/2"]
[WhiteElo "2595"]
[BlackElo "2205"]

1.d4 Nf6 2.c4 g6 3.Nc3 Bg7 4.e4 d6 5.Be2 O-O 6.Nf3 e5 7.O-O Nc6 8.d5 Ne7
9.b4 Nh5 10.Re1 Nf4 11.Bf1 a5 12.bxa5 Rxa5 13.a4 c5 14.Ra3 h6 15.Nd2 Kh8
16.Nb3 Ra6 17.a5 b6 18.axb6 Qxb6 19.Nb5 g5 20.Rxa6 Bxa6 21.Bd2 Bxb5 22.cxb5 Ra8
23.Qc2 f5 24.g3 Nh5 25.exf5 Nf6 26.Ra1 Rxa1 27.Nxa1 Nexd5 28.Qa2 Nb4 29.Qe6 Qc7
30.Nb3 Kh7 31.Bc3 Qd7 32.b6 Qc6 33.b7 Qxb7 34.Qxd6 Qf3  1/2-1/2

[Event "Seefeld op"]
[Site "Seefeld"]
[Date "1997.??.??"]
[Round "?"]
[White "Kircher, Werner"]
[Black "Schmitzer, Peter"]
[Result "1/2-1/2"]
[WhiteElo "1810"]
[BlackElo "2135"]

1.d4 Nf6 2.c4 g6 3.Nc3 Bg7 4.e4 d6 5.Be2 O-O 6.Nf3 Nc6 7.O-O e5 8.d5 Ne7
9.Ne1 Ne8 10.Nd3 f5 11.f3 Nf6 12.Be3 f4 13.Bf2 g5 14.g4 fxg3 15.hxg3 Ng6
16.c5 Nh5 17.Kg2 Ngf4+ 18.gxf4 gxf4 19.Rg1 Kh8 20.Kf1 Bh6 21.Ke1 Ng3 22.Kd2 c6
23.cxd6 cxd5 24.exd5 Qf6 25.Kc2 Bf5 26.Bxg3 fxg3 27.Rxg3 Qxd6 28.Qg1 Rac8
29.Kd1 a6 30.a4 Rxc3 31.bxc3 Qxd5 32.Qc5 Qxc5 33.Nxc5 Rd8+ 34.Ke1 Bf4 35.Rg4 Bd2+
36.Kf1 Bxg4 37.fxg4 Rf8+ 38.Kg2 Bxc3 39.Rf1 Rxf1 40.Bxf1 b5 41.axb5 axb5
42.Bxb5 Kg7 43.Kf3 h5 44.g5 Bd2 45.Ne4 Bf4 46.Be8 Bxg5 47.Nxg5 Kf6 48.Ne4+ Ke6
49.Bxh5 Kf5 50.Bg4+ Kg6 51.Ke3 Kh6 52.Kd3 Kg6 53.Kc4 Kh6 54.Kd5 Kg6 55.Kxe5 Kg7
56.Ng5 Kg6  1/2-1/2

[Event "Seversk"]
[Site "Seversk"]
[Date "1997.??.??"]
[Round "1"]
[White "Iskusnyh, Sergei"]
[Black "Frolov, Denis"]
[Result "1-0"]
[WhiteElo "2440"]
[BlackElo "2330"]

1.Nf3 Nf6 2.c4 g6 3.d4 Bg7 4.Nc3 O-O 5.e4 d6 6.Be2 e5 7.O-O Nc6 8.d5 Ne7
9.b4 Nh5 10.Re1 a5 11.bxa5 Nf4 12.Bf1 Rxa5 13.a4 f5 14.Nd2 fxe4 15.Ncxe4 Ra8
16.Ba3 b6 17.Bb4 Qd7 18.Nb1 Nf5 19.Nbc3 Nd4 20.Nb5 Kh8 21.Bc3 Nxb5 22.axb5 Bb7
23.Qc2 h6 24.f3 Qf7 25.Qb2 Nh5 26.Bd3 Nf4 27.Bc2 Rxa1 28.Qxa1 Nxg2 29.Kxg2 Qxf3+
30.Kg1 Qg4+ 31.Ng3 Qxc4 32.Bxg6 Qc5+ 33.Kh1 Bxd5+ 34.Be4 Qxb5 35.Qd1 Bxe4+
36.Nxe4 Qc6 37.Qg4 Rf4 38.Qg2 d5 39.Rg1 Rf7 40.Bxe5 Qd7 41.Nf6 Qe7 42.Ng4 Qe6
43.Bb2 Qg6 44.Qxd5 Bxb2 45.Ne5  1-0

[Event "Seversk"]
[Site "Seversk"]
[Date "1997.??.??"]
[Round "6"]
[White "Nikitin, Andrey"]
[Black "Loskutov, Oleg"]
[Result "1-0"]
[WhiteElo "2480"]
[BlackElo "2400"]

1.d4 Nf6 2.c4 g6 3.Nc3 Bg7 4.e4 d6 5.Be2 O-O 6.Nf3 e5 7.O-O Nc6 8.d5 Ne7
9.b4 a5 10.Ba3 Nh5 11.c5 Nf4 12.b5 Bg4 13.Nd2 Bxe2 14.Nxe2 f5 15.b6 dxc5
16.Nxf4 exf4 17.bxc7 Qxc7 18.Rc1 b6 19.Nc4 Nc8 20.d6 Qc6 21.e5 Rd8 22.Qb3 a4
23.Qh3 b5 24.Qh4 Qe8 25.Qxf4 bxc4 26.Qxc4+ Kh8 27.Rfe1 Qc6 28.Bxc5 Nb6 29.Qf4 Nd7
30.Ba3 Qd5 31.e6 Ne5 32.e7 Rxd6 33.Bxd6 Qxd6 34.Qxa4 Qb8 35.Rcd1  1-0

[Event "Seversk"]
[Site "Seversk"]
[Date "1997.??.??"]
[Round "10"]
[White "Iskusnyh, Sergei"]
[Black "Yurtaev, Leonid"]
[Result "1-0"]
[WhiteElo "2440"]
[BlackElo "2495"]

1.Nf3 Nf6 2.c4 g6 3.d4 Bg7 4.Nc3 O-O 5.e4 d6 6.Be2 e5 7.O-O Nc6 8.d5 Ne7
9.b4 Ne8 10.Nd2 f5 11.c5 f4 12.Bg4 g5 13.Bxc8 Qxc8 14.f3 Ng6 15.Nc4 Rf7 16.a4 Bf8
17.c6 Nf6 18.b5 Rg7 19.Ra2 b6 20.a5 bxa5 21.Rxa5 g4 22.fxg4 Nh4 23.h3 h5
24.Qe1 Nxg2 25.Kxg2 Nxg4 26.Kf3 Nh2+ 27.Ke2 Qxh3 28.Rf2 Be7 29.Ra3 Bh4 30.Nd1 f3+
31.Kd3 Rg2 32.Be3 Ng4 33.Rxa7 Rf8 34.Raa2 Bxf2 35.Nxf2 Nxf2+ 36.Bxf2 Rh2
37.b6 Rh1 38.Qe3 Qf1+ 39.Kc3 Qb1 40.Rb2 Qa1 41.bxc7 Kh7 42.Qg5 Rc1+ 43.Kb3 Rxc4
44.Qxh5+ Kg7 45.Qg5+ Kh7 46.Kxc4 Qa4+ 47.Kc3 Qa5+ 48.Rb4 Qa1+ 49.Rb2 Qa5+
50.Kc2 Qa4+ 51.Kd2 Qa5+ 52.Kd1 Qa1+ 53.Qc1 Qa6 54.Qe3 Kg6 55.Kd2 Qa5+ 56.Qc3 Qxc7
57.Rb7 Qc8 58.Rd7 Qa6 59.Rxd6+ Kh7 60.Rd7+ Kg6 61.Rd6+ Kh7 62.Qb3 Kh8 63.Rh6+ Kg7
64.Rh2 Qe2+ 65.Kc3 Qxe4 66.Qc2  1-0

[Event "BUL-ch"]
[Site "Shumen"]
[Date "1997.??.??"]
[Round "4"]
[White "Rusev, Rosen"]
[Black "Bratanov, Vasil"]
[Result "0-1"]
[WhiteElo "2175"]
[BlackElo "2195"]

1.d4 Nf6 2.c4 g6 3.Nc3 Bg7 4.e4 d6 5.Nf3 O-O 6.Be2 e5 7.O-O Nc6 8.d5 Ne7
9.Ne1 Ne8 10.Nd3 f5 11.Bd2 c5 12.f3 Bd7 13.a3 a5 14.Qb3 Nf6 15.Rab1 Nc8 16.Qc2 Nb6
17.b3 f4 18.g4 h5 19.h3 hxg4 20.hxg4 Nh7 21.Kg2 Bf6 22.Rh1 Bh4 23.Nb5 Bxb5
24.cxb5 Bg3 25.Be1 Bxe1 26.Rbxe1 Ng5 27.Nf2 a4 28.Ra1 Kg7 29.bxa4 Rxa4 30.Qc3 Qa8
31.Bd1 Qa5 32.Qb3 Ra8 33.Bc2 Rxa3 34.Rxa3 Qxa3 35.Qxa3 Rxa3 36.Bd3 c4 37.Be2 Re3
38.Re1 Nxf3 39.Rc1 Nd2 40.Bf1 Nxe4 41.Bxc4 Rg3+ 42.Kf1 Rf3 43.Bd3 Rxf2+ 44.Kg1 Nc5
45.Rxc5 dxc5 46.Kxf2 Nc8 47.g5 b6 48.Kf3 Nd6 49.Be2 Kf7 50.Bf1 c4 51.Be2 c3
52.Bd3 e4+  0-1

[Event "Singapore Double Round"]
[Site "Singapore"]
[Date "1997.??.??"]
[Round "10"]
[White "Lee Wang Sheng"]
[Black "Mas, Hafizulhelmi"]
[Result "1/2-1/2"]
[WhiteElo "2280"]
[BlackElo "2315"]

1.d4 d6 2.Nf3 g6 3.c4 Bg7 4.Nc3 Nf6 5.e4 O-O 6.Be2 e5 7.O-O Nc6 8.d5 Ne7
9.Ne1 Nd7 10.Nd3 f5 11.Bd2 Nf6 12.f3 f4 13.g4 fxg3 14.hxg3 h6 15.Kg2 g5 16.Rh1 Ng6
17.Be3 Bd7 18.a4 Rf7 19.a5 Bf8  1/2-1/2

[Event "Sochi"]
[Site "Sochi"]
[Date "1997.??.??"]
[Round "?"]
[White "Kiriakov, Petr"]
[Black "Yurtaev, Leonid"]
[Result "1-0"]
[WhiteElo "2530"]
[BlackElo "2495"]

1.d4 Nf6 2.c4 g6 3.Nc3 Bg7 4.e4 d6 5.Nf3 O-O 6.Be2 e5 7.O-O Nc6 8.d5 Ne7
9.Ne1 Nd7 10.Be3 f5 11.f3 h5 12.a4 Kh7 13.Nd3 Nf6 14.a5 f4 15.Bf2 g5 16.c5 g4
17.cxd6 cxd6 18.Nb5 g3 19.Bxa7 gxh2+ 20.Kxh2 Ng6 21.Rh1 Ne8 22.Bb6 Qg5 23.Kg1 Rg8
24.Rh2 Bd7 25.Nc7 Nxc7 26.Bxc7 Bf8 27.Qb3 Rg7 28.Qxb7 Rc8 29.Rc1 Nh4 30.Ne1 Qg3
31.Qb6 Be8 32.Bf1 Qxe1 33.Rxe1 Nxf3+ 34.Kf2 Nxh2 35.Rc1 Bg6 36.Bd3 Be7 37.a6 Bh4+
38.Ke2 Be8 39.Kd2 Rxg2+ 40.Kc3 Bf2 41.Qb7 Bd4+ 42.Kb3 Rxb2+ 43.Ka3 Rxb7 44.axb7 Bd7
45.bxc8=Q Bxc8 46.Bxd6 Bg4 47.Be7 Kg6 48.d6 Nf3 49.Bb5 Kf7 50.Rc7 Bb6 51.Bc4+ Ke8
52.Rb7 Bc5+ 53.Ka4 Nd4 54.Bb5+ Kf7 55.Bh4+ Kg6 56.d7 Bd1+ 57.Ka5 Nb3+ 58.Ka6 Be3
59.Rb6+  1-0

[Event "POL-ch"]
[Site "Sopot"]
[Date "1997.??.??"]
[Round "9"]
[White "Jaracz, Pawel"]
[Black "Gdanski, Jacek"]
[Result "1/2-1/2"]
[WhiteElo "2445"]
[BlackElo "2485"]

1.d4 Nf6 2.c4 g6 3.Nc3 Bg7 4.e4 d6 5.Nf3 O-O 6.Be2 e5 7.O-O Nc6 8.d5 Ne7
9.b4 Nh5 10.Re1 Nf4 11.Bf1 h6 12.c5 g5 13.Nd2 f5 14.g3 Nfg6 15.exf5 Nxf5
16.Nce4 Nd4 17.Bg2  1/2-1/2

[Event "POL-ch"]
[Site "Sopot"]
[Date "1997.??.??"]
[Round "11"]
[White "Jaracz, Pawel"]
[Black "Socko, Bartosz"]
[Result "1/2-1/2"]
[WhiteElo "2445"]
[BlackElo "2435"]

1.d4 Nf6 2.c4 g6 3.Nc3 Bg7 4.e4 d6 5.Be2 O-O 6.Nf3 e5 7.O-O Nc6 8.d5 Ne7
9.b4 Nh5 10.Re1 f5 11.Ng5 Nf6 12.Bf3 f4 13.Bb2 Re8 14.c5 h6 15.Ne6 Bxe6 16.dxe6 Kh8
17.cxd6 Qxd6 18.Qxd6 cxd6 19.b5 Neg8  1/2-1/2

[Event "ROM-chT2"]
[Site "Sovata"]
[Date "1997.??.??"]
[Round "?"]
[White "Ghitescu, Theodor"]
[Black "Sandu, Marius Stefan"]
[Result "1/2-1/2"]
[WhiteElo "2355"]
[BlackElo "2295"]

1.d4 Nf6 2.c4 g6 3.Nc3 Bg7 4.e4 d6 5.Nf3 O-O 6.Be2 e5 7.O-O Nc6 8.d5 Ne7
9.b4 Nh5 10.g3 f5 11.Ng5 Nf6 12.f3 Kh8 13.Be3 Nh5 14.Qd2 f4 15.Bf2 Bh6 16.g4 Bxg5
17.gxh5 Bh3 18.Rfc1 gxh5 19.Kh1 Ng6 20.Rg1 Bh4 21.Bf1 Bc8 22.c5 Bxf2 23.Qxf2 Rg8
24.Rc1 Rg7 25.Nb1 Bd7 26.Nd2 Qf6 27.cxd6 cxd6 28.Rc7 b6 29.b5 Qd8 30.Rc1 Rc8
31.Rxc8 Bxc8 32.Nc4  1/2-1/2

[Event "St Ingbert op"]
[Site "St Ingbert"]
[Date "1997.??.??"]
[Round "9"]
[White "Baum, Christian"]
[Black "Moehrmann, Marcus"]
[Result "1/2-1/2"]
[WhiteElo "1935"]
[BlackElo "2210"]

1.d4 Nf6 2.Nf3 g6 3.c4 Bg7 4.Nc3 O-O 5.e4 d6 6.Be2 e5 7.O-O Nc6 8.d5 Ne7
9.b4 Nd7 10.Re1 a5 11.bxa5 Rxa5 12.Nd2 Ra8 13.Nb3 b6 14.a4 f5 15.Bf1 Nf6
16.a5 fxe4 17.axb6 Rxa1 18.bxc7 Qxc7 19.Nxa1 Ng4 20.Nxe4 Qa7 21.Be3 Nxe3
22.Rxe3 Nf5 23.Re1 Bd7 24.Nb3 Rb8 25.Qa1 Qb6 26.Nbd2 Rc8 27.Rb1 Qc7 28.Qa6 Rb8
29.Rxb8+ Qxb8 30.g4 Nd4 31.Qxd6 Qxd6 32.Nxd6 Bxg4 33.h3 Bf8 34.hxg4 Bxd6
35.Ne4 Bb8 36.c5 Kf8 37.Ng5 h6 38.Ne4 Ba7 39.Bc4 Nf3+ 40.Kg2 Ng5 41.Nf6 Ke7
42.c6 Bb8 43.Nd7 Bc7 44.Nc5 Bb6 45.Nd7 Bc7 46.Nc5 Bb6 47.Nb7 Nf7 48.Bd3 g5
49.f3 Nd6 50.Be4 Nxb7 51.cxb7 Ba7 52.Kf1 Kd6 53.Ke2 Kc7 54.Kd3 Kxb7 55.d6+ Kc8
56.Kc4 Kd8 57.Kd5 Bd4 58.Ke6 Bc3 59.Bc6 Bd4 60.Kf5 Bc3  1/2-1/2

[Event "White Nights op"]
[Site "St Petersburg"]
[Date "1997.??.??"]
[Round "?"]
[White "Nepomnishay, Mikhail I"]
[Black "Rutman, A."]
[Result "1/2-1/2"]
[WhiteElo "2465"]
[BlackElo "2315"]

1.d4 Nf6 2.c4 g6 3.Nc3 Bg7 4.e4 d6 5.Nf3 O-O 6.Be2 e5 7.O-O Nc6 8.d5 Ne7
9.b4 Nh5 10.Re1 f5 11.Nd2 Nf6 12.c5 Bh6 13.Bf3 Kh8 14.b5 Bxd2 15.Qxd2 f4
16.b6 axb6 17.cxd6 cxd6 18.Nb5 g5 19.Qb4 g4 20.Bd1 Ne8 21.a4 Rf6 22.Bb2 Ng6
23.Na3 Bd7 24.Rc1 Kg8 25.Nc4 Ra6 26.Ba3 Nh8 27.Rc3 Nf7 28.a5 bxa5 29.Qxb7 Bc8
30.Qb8 Bd7 31.Qb7 Bc8 32.Qb8 Bd7 33.Qb7 Bc8  1/2-1/2

[Event "St Petersburg"]
[Site "St Petersburg"]
[Date "1997.??.??"]
[Round "6"]
[White "Sakaev, Konstantin"]
[Black "Tseitlin, Mark D"]
[Result "1-0"]
[WhiteElo "2580"]
[BlackElo "2505"]

1.Nf3 Nf6 2.c4 g6 3.Nc3 Bg7 4.e4 d6 5.d4 O-O 6.Be2 e5 7.O-O Nc6 8.d5 Ne7
9.Nd2 a5 10.Rb1 Ne8 11.a3 f5 12.b4 axb4 13.axb4 Nf6 14.c5 Kh8 15.f3 f4 16.Nc4 Ne8
17.Na4 Rb8 18.b5 b6 19.cxb6 cxb6 20.Bd2 Bd7 21.Ncxb6 Nf6 22.Ba5 Nc8 23.Nxd7 Qxd7
24.b6 Qb7 25.Bb5 Na7 26.Bd3 Nd7 27.Be1 Nc8 28.Bf2 Bf6 29.Qe2 Ra8 30.Bb5 Ne7
31.Rfc1 Rfc8 32.Rxc8+ Qxc8 33.Bxd7 Qxd7 34.b7 Qxa4 35.Qb5  1-0

[Event "SVK-chT 9798"]
[Site "SVK"]
[Date "1997.??.??"]
[Round "1"]
[White "Hanko, Pavel"]
[Black "Ruckschloss, Karol"]
[Result "1/2-1/2"]
[WhiteElo "2175"]
[BlackElo "2215"]

1.d4 Nf6 2.Nf3 g6 3.c4 Bg7 4.Nc3 O-O 5.e4 d6 6.Be2 e5 7.O-O Nc6 8.d5 Ne7
9.Nd2 h6 10.b4 Ne8 11.c5 f5 12.Nc4 fxe4 13.Nxe4 dxc5 14.Nxc5 Qxd5 15.Qb3 b6
16.Rd1 Qf7 17.Ne4 Bb7 18.Ncd2 Qxb3 19.axb3 Nd5 20.b5 Kh7 21.Ba3 Rf7 22.Bg4 c5
23.bxc6 Bxc6 24.Be6 Rc7 25.g3 Ndf6 26.Nxf6+ Bxf6 27.Rac1 Rd8 28.Nc4 Rxd1+
29.Rxd1 Bf3 30.Rd7+ Rxd7 31.Bxd7 Nc7 32.Bd6 Na6 33.b4 Bb7 34.Be8 e4 35.b5 Nc5
36.Bb8 a6 37.bxa6 Nxa6 38.Ba7 Nc7 39.Bd7 Nd5 40.Nxb6 e3 41.fxe3 Nxe3  1/2-1/2

[Event "SVK-chT2 9697"]
[Site "SVK"]
[Date "1997.??.??"]
[Round "9"]
[White "Csala, Jan"]
[Black "Pinter, Erik"]
[Result "1/2-1/2"]
[WhiteElo "2220"]
[BlackElo "2030"]

1.d4 Nf6 2.c4 g6 3.Nc3 Bg7 4.e4 d6 5.Nf3 O-O 6.Be2 e5 7.O-O Nc6 8.d5 Ne7
9.Ne1 Nd7 10.Nd3 f5 11.f3 f4 12.g4 fxg3 13.hxg3 Bf6 14.Kg2 g5 15.Rh1 Ng6
16.Be3 Rf7 17.Qd2 Rg7 18.Kf2 Nf4 19.Nxf4 gxf4 20.gxf4 exf4 21.Bxf4 Bh4+ 22.Ke3 Qf6
23.Rag1 Ne5 24.Rxg7+ Kxg7 25.Bf1 Ng6 26.Qh2 Bh3 27.Bxh3 Nxf4 28.Bf5 Qh6 29.Kd2 Bg5
30.Qxh6+ Bxh6 31.Kc2 a6 32.Rh2 Rh8 33.b4 Bg5 34.Ne2 h5 35.Nxf4 Bxf4 36.Rg2+ Kf7
37.Kd3 h4 38.Bh3 Bg3 39.c5 Kf6 40.cxd6 cxd6 41.Rc2 Rh7 42.a4 Rg7 43.b5 axb5
44.axb5 Be1 45.Bg4 Rh7 46.Ke3 Ba5 47.Bf5 Rc7 48.Rg2 Rg7 49.Rh2 Be1 50.Rh1 Bg3
51.Kd3 b6 52.Bg4 Rc7 53.Rb1 Ke5 54.Ra1 Rc5 55.Ra8 Kf6 56.Bd7 Rc7 57.Bg4 Rc5
58.Bd7 Rc7 59.Bg4  1/2-1/2

[Event "SVK-chT2 9697"]
[Site "SVK"]
[Date "1997.??.??"]
[Round "9"]
[White "Jakubek, Peter"]
[Black "Komora, Andrej"]
[Result "1-0"]
[WhiteElo "2285"]
[BlackElo "2205"]

1.Nf3 Nf6 2.c4 g6 3.Nc3 Bg7 4.e4 d6 5.d4 O-O 6.Be2 e5 7.O-O Nc6 8.d5 Ne7
9.b4 Nh5 10.g3 f5 11.Ng5 Nf6 12.f3 h6 13.Ne6 Bxe6 14.dxe6 Nc6 15.Be3 Nd4
16.Nd5 Nxe6 17.c5 f4 18.Bf2 Nd4 19.Bxd4 Nxd5 20.Bf2 Ne7 21.cxd6 cxd6 22.Rc1 Kh7
23.Qd3 Nc6 24.Rfd1 fxg3 25.hxg3 Qg5 26.Kg2 Rad8 27.b5 Nd4 28.Bxd4 exd4 29.Rc7 Kh8
30.Qd2 Rc8 31.Qxg5 hxg5 32.Rh1+ Kg8 33.Bc4+  1-0

[Event "SVK-chT2 9697"]
[Site "SVK"]
[Date "1997.??.??"]
[Round "10"]
[White "Harasta, Vladimir"]
[Black "Hlinka, Vasil"]
[Result "0-1"]
[WhiteElo "2145"]
[BlackElo "2070"]

1.c4 Nf6 2.Nc3 g6 3.e4 d6 4.d4 Bg7 5.Nf3 O-O 6.Be2 e5 7.O-O Nc6 8.d5 Ne7
9.Ne1 Nd7 10.Be3 f5 11.f3 f4 12.Bf2 g5 13.Nb5 b6 14.b4 a6 15.Nc3 Rf7 16.a4 a5
17.Nd3 axb4 18.Nxb4 Nc5 19.Nd3 h5 20.a5 Nxd3 21.Qxd3 bxa5 22.Rfb1 Bf8 23.Rb5 Bd7
24.Rbxa5 Rxa5 25.Rxa5 c5 26.Ra6 Nc8 27.Be1 Rg7 28.Nb5 g4 29.Ra8 Qf6 30.Ra6 Kh8
31.Qb3 gxf3 32.Bxf3 Qg5 33.Nc7 Qg6 34.Qb8 Bg4 35.Ra2 Bxf3 36.Qxc8 Qxe4 37.Qxf8+ Kh7
38.Qxg7+ Kxg7 39.Ne6+ Kh6 40.gxf3 Qxe1+ 41.Kg2 Qc1 42.Ra6 Qc2+ 43.Kg1 e4
44.Rxd6 Qd1+ 45.Kg2 exf3+ 46.Kh3 Qf1+ 47.Kh4 Qf2+ 48.Kh3 Qg2+  0-1

[Event "Piatka op"]
[Site "Swidnica"]
[Date "1997.??.??"]
[Round "?"]
[White "Shariyazdanov, Andrey"]
[Black "Kobylkin, Evgeni"]
[Result "1-0"]
[WhiteElo "2525"]
[BlackElo "2385"]

1.d4 Nf6 2.c4 g6 3.Nc3 Bg7 4.e4 d6 5.Be2 O-O 6.Nf3 e5 7.O-O Nc6 8.d5 Ne7
9.b4 Nh5 10.Re1 h6 11.Nd2 Nf4 12.Bf1 g5 13.c5 f5 14.Nc4 fxe4 15.cxd6 cxd6
16.Nxe4 Nf5 17.b5 Rf7 18.a4 g4 19.Ba3 Bf8 20.Qxg4+ Rg7 21.Qd1 h5 22.Kh1 Nh4
23.Ne3 Nf5 24.Rc1 Be7 25.Qc2 Qe8 26.Nxf5 Bxf5 27.Nf6+ Bxf6 28.Qxf5 Qe7 29.g3 Ng6
30.Bh3 Nf8 31.Qxh5 Rg5 32.Qf3 Kg7 33.Rc4  1-0

[Event "SWZ-chT9697"]
[Site "SWZ"]
[Date "1997.??.??"]
[Round "?"]
[White "Gavrikov, Viktor"]
[Black "Renet, Olivier"]
[Result "1/2-1/2"]
[WhiteElo "2590"]
[BlackElo "2505"]

1.c4 g6 2.d4 Nf6 3.Nc3 Bg7 4.e4 d6 5.Be2 O-O 6.Nf3 e5 7.O-O Nc6 8.d5 Ne7
9.b4 Nh5 10.Re1 a5 11.Ba3 f5 12.c5 Nf4 13.Nd2 Nxe2+ 14.Qxe2 axb4 15.Bxb4 fxe4
16.cxd6 cxd6 17.Ndxe4 Nf5 18.Nb5 Nd4 19.Nxd4 exd4 20.Bxd6 Rf7 21.Qc4 b5 22.Qxb5 Ba6
23.Qb3 d3 24.Rad1 Rf5 25.f4 Bd4+ 26.Kh1 Rh5 27.h3 Qc8 28.Rxd3 Bxd3 29.Qxd3 Rxa2
30.Be5 Bxe5 31.fxe5 Rxe5 32.Nf6+ Kg7 33.Rxe5 Qc1+ 34.Kh2 Qf4+ 35.Qg3 Qxg3+
36.Kxg3 Kxf6 37.Re6+ Kf7 38.Rd6 Ke7 39.Rb6 Rd2 40.Rb7+ Kf6 41.Rxh7 Rxd5 42.Rc7 Kg5
43.Rc3 Ra5 44.Kf3 Rf5+ 45.Ke4 Ra5 46.Rg3+ Kf6 47.Rd3 Re5+ 48.Kf3 Rf5+ 49.Kg3 Rg5+
50.Kf2 Ra5 51.Rf3+ Kg7 52.Re3 Kf6 53.Re4 Ra3 54.Rf4+ Kg7 55.Rf3 Ra2+ 56.Kg3 Rb2
57.Rf2 Rb4 58.Rf4 Rb2 59.Kf3 Ra2 60.g3 Ra5 61.Kg4 Rb5 62.h4 Ra5 63.Rd4 Kf6
64.Rd6+ Kg7 65.Re6 Kf7 66.Re4 Kf6 67.Kf4 Rf5+ 68.Ke3 Ra5 69.g4 Ra1 70.g5+ Kf5
71.Rf4+ Ke5 72.Rf6 Ra4 73.Rxg6 Rxh4 74.Rg8  1/2-1/2

[Event "Aktiv Alliancen-A"]
[Site "Taastrup"]
[Date "1997.??.??"]
[Round "1"]
[White "Nilssen, John Arni"]
[Black "Christensen, Bo Garner"]
[Result "1-0"]
[WhiteElo "2305"]
[BlackElo "2265"]

1.Nf3 Nf6 2.c4 g6 3.Nc3 Bg7 4.e4 d6 5.d4 O-O 6.Be2 e5 7.O-O Nc6 8.d5 Ne7
9.b4 Nd7 10.Qb3 a5 11.Ba3 axb4 12.Bxb4 f5 13.c5 Nf6 14.cxd6 cxd6 15.Nd2 Kh8
16.Nc4 Ne8 17.f3 f4 18.Nb5 Ra6 19.a4 g5 20.Qa3 Rf6 21.Nxe5 Nxd5 22.exd5 dxe5
23.Nc3 Ra8 24.Be7 Qb6+ 25.Kh1 Bf5 26.Ne4 Bxe4 27.fxe4 Nd6 28.Rab1 Qc7 29.Bxf6 Bxf6
30.Rfc1 Qe7 31.Qb4 Rg8 32.Bg4 h5 33.Be6 Rg7 34.Rb3 g4 35.Rbc3 Bg5 36.R1c2 Kh7
37.Kg1 f3 38.g3 Bh6 39.Qb6 Nxe4 40.Bf5+  1-0

[Event "Aktiv Alliancen-A"]
[Site "Taastrup"]
[Date "1997.??.??"]
[Round "3"]
[White "Auchenberg, Per"]
[Black "Christensen, Bo Garner"]
[Result "0-1"]
[WhiteElo "2150"]
[BlackElo "2265"]

1.d4 Nf6 2.c4 g6 3.Nc3 Bg7 4.e4 d6 5.Nf3 O-O 6.Be2 e5 7.O-O Nc6 8.d5 Ne7
9.Ne1 Nd7 10.Be3 f5 11.f3 f4 12.Bf2 g5 13.Rc1 a5 14.a3 Ng6 15.Nd3 Rf7 16.c5 Bf8
17.cxd6 cxd6 18.Qb3 h5 19.Na4 g4 20.fxg4 b5 21.Nc3 Qg5 22.Qd1 b4 23.axb4 axb4
24.gxh5 Nh4 25.Bxh4 Qxh4 26.Nb1 Nf6 27.Nf2 Rg7 28.Nd2 Qg5 29.Bf3 Nxh5 30.Re1 Nf6
31.Nf1 Be7 32.Re2 Bd8 33.Rec2 Bd7 34.Qe2 Bb6 35.Kh1 Kf7 36.Qd2 b3 37.Rc6 Be3
38.Qd1 Bxf2 39.Rxd6 Ra7 40.Qe2 Qh4 41.Ra6 Rb7 42.Rcc6 Bxc6 43.dxc6 Rc7 44.Qc4+ Kg6
45.Qe6 Bd4 46.Ra8 Kh7 47.Rf8 Rg6 48.Qf5 Qf2 49.Qh3+ Rh6 50.Qf5+ Kg7 51.Qg5+ Rg6  0-1

[Event "Taastrup 25 Jub"]
[Site "Taastrup"]
[Date "1997.??.??"]
[Round "4"]
[White "Nilssen, John Arni"]
[Black "Hansen, Lars Henrik Bech"]
[Result "1-0"]
[WhiteElo "2305"]
[BlackElo "2185"]

1.d4 Nf6 2.c4 g6 3.Nc3 Bg7 4.e4 d6 5.Nf3 O-O 6.Be2 e5 7.O-O Nc6 8.d5 Ne7
9.b4 Nh5 10.Re1 Nf4 11.Bf1 Bg4 12.h3 Bxf3 13.Qxf3 f5 14.g3 fxe4 15.Qxe4 Nh5
16.Bg2 Nf5 17.Qd3 Nd4 18.Ne4 Qd7 19.Bb2 Qf5 20.g4 Nf4 21.Qxd4 exd4 22.gxf5 Nd3
23.f6 Nxe1 24.Rxe1 Bxf6 25.Nxf6+ Rxf6 26.Re4 Raf8 27.Bxd4 Rf4 28.c5 b6 29.Kf1 R8f5
30.Be3 Rxe4 31.Bxe4 Rh5 32.cxd6 cxd6 33.Kg2 Re5 34.Bf3 Rf5 35.Bg4 Rf6 36.Bg5  1-0